000 01252nab a22002657a 4500
999 _c6546
_d6546
003 OSt
005 20260223134302.0
008 190506c xxu||||| |||| 00| 0 spa d
040 _cPJ
100 _95379
_aBarrios Colman, Noelia A.
245 1 0 _aPrincipales modificaciones a la Ley de Teletrabajo por el DNU 70-2023 /
_cNoelia A. Barrios Colman.
260 _aBuenos Aires :
_bAbeledoPerrot,
_c2024.
300 _ap. 12-18
500 _aCita: TR LALEY AR/DOC/837/2024.
505 _aSumario: I. Introducción.— II. Tareas de cuidados ¿a quién se quiere cuidar?— III. Reversibilidad ¿para quién?— IV. Prestaciones transnacionales y ley aplicable.— V. Autoridad de aplicación.— VI. Conclusión: se pretende regular desregulando.— VII. Bibliografía.
505 _t¿Te interesa el texto completo? Comunicate al correo: koha@justierradelfuego.gov.ar
650 0 _91316
_aDERECHO LABORAL
650 0 _91323
_aCONTRATO DE TRABAJO
650 0 _94439
_aTELETRABAJO
650 0 _9289
_aTECNOLOGIA DE LA INFORMACION
650 0 _9273
_aDERECHO INFORMATICO
650 0 _95233
_aPANDEMIA
773 0 _02751
_93202
_dBuenos Aires : AbeledoPerrot, 2013-
_tRevista de derecho laboral y seguridad social. Nº 10 - Mayo 2024
942 _2udc
_cANA